Statistiques concernant Dates restauration française

Cliquez ici pour prendre le quiz!

Statistiques générales

  • Ce quiz a été pris 34 fois
  • Le résultat moyen est 40 sur 68

Statistiques - réponses

HintRéponse% Correct
abdication napoleon1814
100%
La charte1814
100%
Cent Jours1815
100%
Défaite Waterloo1815
100%
Louis XVIII roi1815
100%
Sacre Charles X1825
95%
Louis Philippe I roi1830
95%
3 Glorieuses1830
90%
Gouvernement Périer1831
86%
Suffrage universel masculin1848
86%
Abdication Louis Philippe => République1848
86%
Renvoi Guizot, insurrection Paris1848
76%
Nouvelle constitution1848
76%
Louis Napoléon : Président1848
76%
Gouvernement Guizot1840
71%
Election assemblée constituante1848
71%
Loi Falloux sur l'enseignement1850
71%
Coup d'état de Louis Napoléon1851
71%
Plébiscite victorieux de Louis Napoléon1851
71%
Nouvelle constitution1852
71%
Rétablissement de l'Empire héréditaire1852
67%
Loi qui restreint le suffrage universel1850
62%
Proclamation de l'empire1852
62%
Guerre France/Prusse1870
57%
Déclaration de guerre à la Russie (guerre de crimée)1854
52%
Gouvernement Emile Ollivier1870
52%
Dépêche d'Ems1870
52%
Capitulation de l'Empereur à Sedan1870
52%
Fin de l'Empire ; République1870
52%
Semaine Sanglante1871
52%
Thiers chef du pouvoir exécutif puis Président1871
52%
Traité de Francfort1871
52%
Armistice de Prusse1871
52%
Démission de Thiers, Président Mac-Mahon, Broglie chef du gouvernement1873
52%
Acquittement et reintégration Dreyfus1906
52%
L'Allemagne déclare la guerre à la France1914
52%
Assassinat de Jean Jaurès1914
52%
Attentat de Sarajevo1914
52%
Victoire de Sébastopole1855
48%
Fin de la guerre de Crimée1856
48%
Jules Grévy président de la république1879
48%
Loi sur la liberté de la presse1881
48%
Arrestation Dreyfus1894
48%
J'accuse de Zola1898
48%
Attentat contre Napoléon III (Orsini)1858
43%
Loi de sureté générale1858
43%
Droit d'adresse accordé aux chambres1860
43%
Droit de grève1864
43%
Manifeste des 601864
43%
Loi Niel qui réorganise l'armée1868
43%
Amendement de Walon1875
43%
Ministère Jules Simon1876
43%
14 Juillet fête nationale1880
43%
Loi Jules Ferry gratuité de l'école primaire1881
43%
Ministère Gambetta1881
43%
Chute gouvernement Gambetta1882
43%
Loi sur les syndicats professionels1884
43%
Mort Victor Hugo1885
43%
Démission de Grévy1887
43%
Affrontements des Fourmis1891
43%
Assassinat de Sadi Carnot par Caserio1894
43%
Naissance la CGT1895
43%
Loi Combes => exclusion congrègation enseignement1904
43%
Naissance du SFIO1905
43%
Charte d'Amiens CGT1906
43%
Protectorat Francais sur le Maroc1912
43%
Création Ligue des droits de l'Homme1888
38%
Toast d'Alger du cardinal Lavigerie1890
38%

Distribution des résultats

Percentile par nombre de réponses

% des personnes avec chaque résultat

Votre développement - résultats

Vous n’avez pas pris ce quiz